LEADER 01074nam0-22003251i-450- 001 990004085410403321 005 20130423124137.0 035 $a000408541 035 $aFED01000408541 035 $a(Aleph)000408541FED01 035 $a000408541 100 $a20130423d1976----km-y0itay50------ba 101 0 $aita 102 $aIT 105 $ay-------00-y- 200 1 $aItalia e Stati Uniti durante l'amministrazione Truman$fElena Aga Rossi Sitzia ... [et al.] 210 $aMilano$cFrancoAngeli$d1976 215 $a406 p.$d22 cm 225 1 $aCollana dell'Istituto di scienze storiche della Facoltà di scienze politiche dell'Università di Padova e del Cesdoc$hSez. 1$iAtti e documentazione$v1 676 $a327.45073$v21$zita 702 1$aAga-Rossi,$bElena 801 0$aIT$bUNINA$gRICA$2UNIMARC 901 $aBK 912 $a990004085410403321 952 $a327.45 AGA 1$bDDS.2763$fFLFBC 952 $aSE 30B.07.03-$b3588$fDECSE 959 $aFLFBC 959 $aDECSE 996 $aItalia e Stati Uniti durante l'amministrazione Truman$9479624 997 $aUNINA